Heurística a Villena y los tres tratados

Uloženo v:
Podrobná bibliografie
Hlavní autoři: Almagro, Francisco (Autor), Fernández Carpintero, José (Autor)
Médium: Kniha
Jazyk:španělština
Vydáno: Madrid Nacional 1977
Edice:Biblioteca de visionarios, heterodoxos y marginados
Témata:
Tagy: Přidat tag
Žádné tagy, Buďte první, kdo vytvoří štítek k tomuto záznamu!

MARC

LEADER 00000nam a2200000 a 4500
001 UCV8222
003 CL-VaPUC
008 901106e19770000SP |||||||||||||||||spa|d
082 0 4 |a 133.425  |b ALM  |2 21 
100 0 |a Almagro, Francisco  |e author  |9 302290 
700 0 |a Fernández Carpintero, José  |e author  |9 302291 
245 1 0 |a Heurística a Villena y los tres tratados 
300 |a 193 p 
942 |c BK 
945 |d 19901106 00:00:00 
260 |a Madrid  |b Nacional  |c 1977 
600 0 7 |a VILLENA, ENRIQUE DE ARAGON  |2 CL-VaPUC  |9 266266 
650 7 |a MAL DE OJO  |2 CL-VaPUC  |9 266267 
650 7 |a CONSUELO  |2 CL-VaPUC  |9 266268 
650 7 |a LEPRA  |2 CL-VaPUC  |9 266269 
583 |a last modification  |c 20180314 14:48:55  |k Rodrigo Vera 
490 0 |a Biblioteca de visionarios, heterodoxos y marginados 
999 |c 213769  |d 213767 
952 |0 0  |1 2  |4 0  |6 133_425000000000000_ALM_1977  |7 0  |8 A  |9 196473  |a BIBTEO  |b BIBTEO  |d 2019-11-14  |i 2643634  |o 133.425 ALM 1977  |p 2643634  |r 2019-11-14  |w 2019-11-14  |x Descarte 2019  |y BK  |k ICR